000 01126nam a2200229Ia 4500
003 Ost
005 20260507075027.0
008 260507s9999||||xx |||||||||||||| ||und||
040 _cfsecg
041 _aara
082 _a330
100 _aأبو السعود، رمضان محمد
_eمؤلف
245 0 _aمبادئ القانون :
_bالمدخل للقانون والإلتزمات /
_c رمضان محمد أبو السعود
260 _aالإسكندرية:
_bدار المطبوعات الجامعية,
_c2005
300 _a544 صفحة؛
_bإيضاحات ؛
_c25 سم
520 _aالقاعدة القانونية- تعريف القاعدة القانونية- تقسيم القاعدة القانونية- تطبيق القاعدة القانونية- نظرية الحق- الإلتزمات- العقد- قيام العقد- آثار العقد-إنحلال العقد وزواله- الإرادة المنفردة
653 _aالإلتزمات
653 _aالعقود
653 _aالقانون
700 _aزهران، همام محمد محمود
_eمؤلف ثانوي
942 _cكتاب
999 _c42346
_d42346